000 01021nam a22002417a 4500
003 OSt
005 20260512141637.0
008 251201b |||||||| |||| 00| 0 eng d
020 _a9780723281382
040 _aKenya National Library Service
082 _a823.92 KIN
100 _aKing, Enid C.,
_eauthor.
245 _aThe Little mermaid /
_cEnid C. King ; with illustrations by Assan Victoria.
300 _a42 pages :
_bcolour illustration ;
_c21 cm.
490 _aLadybird Tales.
500 _aHardcover copy.
520 _aThis beautiful edition of The Little Mermaid is a perfect first illustrated introduction to this classic fairy tale for young readers from 3+.The story is sensitively retold, following the tale of the young mermaid who falls in love with a human prince
650 _aClassic, Fairy Tales & Folklore
_vJuvenile Fiction.
700 _aVictoria, Assan,
_eillustrator.
942 _2ddc
_cBK
_n0
999 _c492717
_d492717